Άρθουρ και Τζορτζ
Saved in:
| Main Author: | |
|---|---|
| Other Authors: | |
| Format: | Book |
| Language: | Greek English |
| Published: |
Αθήνα :
Μεταίχμιο,
2005.
|
| Subjects: | |
| Tags: |
Add Tag
No Tags, Be the first to tag this record!
|
MARC
| LEADER | 00000cam a2200000 i 4500 | ||
|---|---|---|---|
| 001 | 1/14237 | ||
| 008 | 110720s2005 gr | ||| |||| ||gre|| | ||
| 020 | |a 9603759937 | ||
| 035 | |l 10110504 | ||
| 040 | |a GR-MyUA |b gre |e AACR2 | ||
| 041 | 1 | |a gre |h eng | |
| 082 | 0 | |a 823 |2 (22) | |
| 100 | 1 | |a Barnes, Julian. | |
| 245 | 1 | 0 | |a Άρθουρ και Τζορτζ / |c Τζούλιαν Μπαρνς ; μετάφραση Αλεξάνδρα Κονταξάκη. |
| 246 | 3 | 3 | |a Άρθουρ & Τζορτζ |
| 260 | |a Αθήνα : |b Μεταίχμιο, |c 2005. | ||
| 300 | |a 563 σ. ; |c 20 εκ. | ||
| 500 | |a Τίτλος πρωτοτύπου: Arthur & George. | ||
| 650 | 0 | 0 | |a English fiction. |
| 650 | 0 | 0 | |a English literature. |
| 650 | 0 | 0 | |a Mystery |x Fiction. |
| 700 | 1 | |a Κονταξάκη, Αλεξάνδρα, |e trlf | |
| 852 | |a INST |b LESVOS |e 20110720 |h 823 BAR |p 005100049752 |q 005100049752 |t BK |y 0 | ||
| 901 | |a BIBL1-2011-2 | ||
| 909 | |a Λ |b 169552 | ||
| 970 | |a ΚΑΜΑΤΣΟΥ |b ΔΕΣΠΟΙΝΑ |z 2011/07/20 | ||